Gaming Quiz

Random Gaming or Rock Quiz

Rock Pokémon (Gen. 1) (Picture Click) Quiz Stats

 Plays Quiz not verified by Sporcle

Score 0/11 Timer 01:00
10 Plays Today
% Correct
Graveler
97.9%
Golem
97.4%
Geodude
97.4%
Onix
94.5%
Rhyhorn
93.1%
Rhydon
90.8%
Kabuto
81.9%
Kabutops
80.1%
Omastar
75.7%
Omanyte
75.1%
Aerodactyl
68.8%

You're not logged in!

Compare scores with friends on all Sporcle quizzes.
OR
Log In

Sporcle TV

Today on Sporcle TV


Watch our educational content, quiz creation guides, and fun videos on Sporcle TV.

Show Comments

Extras

Top Quizzes Today


Score Distribution

Your Account Isn't Verified!

In order to create a playlist on Sporcle, you need to verify the email address you used during registration. Go to your Sporcle Settings to finish the process.

Report this User

Report this user for behavior that violates our Community Guidelines.

Details: